[Event "Moehnesee Cup 36th"]
[Site "Moehnesee"]
[Date "2010.08.28"]
[Round "4"]
[White "Klatt, Peter"]
[Black "Schoenhof, Timo"]
[Result "1/2-1/2"]
[WhiteElo "1995"]
[BlackElo "2095"]
[PlyCount "58"]
[EventDate "2010.08.26"]
[EventType "swiss"]
[EventRounds "7"]
[EventCountry "GER"]
[SourceTitle "EXT 2011"]
[Source "ChessBase"]
[SourceDate "2010.11.26"]
[SourceVersion "1"]
[SourceVersionDate "2010.11.26"]
[SourceQuality "1"]

1. e4 c5 2. c3 g6 3. d4 cxd4 4. cxd4 d5 5. e5 Nc6 6. Nc3 Bg7 7. Be2 f6 8. exf6 Nxf6 9. Nf3 0-0 10. 0-0 Bg4 11. h3 Bf5 12. Be3 Rc8 13. Qa4 a6 14. Ne5 Nxe5 15. dxe5 Ne4 16. Nxe4 Bxe4 17. Bd4 e6 18. f3 Bc2 19. Qb4 Qh4 20. Qd2 Bh6 21. Be3 Bxe3+ 22. Qxe3 Qb4 23. Rf2 d4 24. Qa3 Qxa3 25. bxa3 d3 26. Bd1 Rc3 27. Rc1 Rfc8 28. Rd2 R8c7 29. f4 Kf7 1/2-1/2

[Event "Unna op"]
[Site "Unna"]
[Date "2008.12.29"]
[Round "6"]
[White "Klatt, Peter"]
[Black "Happel, Heiner"]
[Result "0-1"]
[WhiteElo "1938"]
[BlackElo "2254"]
[PlyCount "58"]
[EventDate "2008.12.27"]
[EventType "swiss"]
[EventRounds "7"]
[EventCountry "GER"]
[SourceTitle "CBM 128 Extra"]
[Source "ChessBase"]
[SourceDate "2009.03.05"]
[SourceVersion "2"]
[SourceVersionDate "2009.03.25"]
[SourceQuality "1"]

1. e4 c5 2. Nf3 d6 3. c3 Nf6 4. Be2 g6 5. 0-0 Bg7 6. Re1 Nc6 7. d4 cxd4 8. cxd4 d5 9. e5 Ne4 10. Nc3 0-0 11. Bd3 Nxc3 12. bxc3 Bg4 13. h3 Bxf3 14. Qxf3 e6 15. Rb1 Qa5 16. Qe3 Qxc3 17. Bb2 Qa5 18. Rec1 Rfc8 19. Rc5 Qd8 20. Rb5 b6 21. Ba3 Bf8 22. Bc1 Qh4 23. f4 Nxd4 24. g3 Qxh3 25. Qxd4 a6 26. Rxd5 exd5 27. Qf2 Rc3 28. Bf1 Rxg3+ 29. Bg2 Bc5 0-1

[Event "Unna op"]
[Site "Unna"]
[Date "2007.12.29"]
[Round "5"]
[White "Klatt, Peter"]
[Black "Demin, Vladimir"]
[Result "0-1"]
[WhiteElo "2030"]
[BlackElo "2450"]
[PlyCount "82"]
[EventDate "2007.12.27"]
[EventType "swiss"]
[EventRounds "7"]
[EventCountry "GER"]
[SourceTitle "CBM 122 Extra"]
[Source "ChessBase"]
[SourceDate "2008.03.04"]
[SourceVersion "1"]
[SourceVersionDate "2008.03.04"]
[SourceQuality "1"]

1. e4 c6 2. d4 d5 3. e5 Bf5 4. Nf3 e6 5. Be3 Qb6 6. Qc1 c5 7. Nc3 Nc6 8. Bb5 a6 9. Bxc6+ Qxc6 10. 0-0 Bg4 11. Nd2 cxd4 12. Bxd4 Ne7 13. f3 Bf5 14. Qe1 Bg6 15. g4 Qc7 16. Qf2 Nc6 17. Bb6 Qxe5 18. Rfe1 Qd6 19. Rad1 Be7 20. Nde4 Bxe4 21. Nxe4 Qb8 22. Nc5 Qc8 23. c4 d4 24. Ne4 0-0 25. c5 Qd7 26. f4 f5 27. Ng3 fxg4 28. Re4 e5 29. f5 Bh4 30. Rxg4 Bxg3 31. Qxg3 Rxf5 32. Rf1 Raf8 33. Rxf5 Rxf5 34. Qb3+ Rf7 35. Rg2 Qf5 36. h3 Kf8 37. Qd1 Qxh3 38. Qe1 Qf5 39. b4 e4 40. a4 d3 41. Qe3 Ne5 0-1

[Event "Dortmund op-A"]
[Site "Dortmund"]
[Date "2007.06.27"]
[Round "5"]
[White "Koke, Christoph"]
[Black "Klatt, Peter"]
[Result "0-1"]
[WhiteElo "1714"]
[BlackElo "2040"]
[PlyCount "94"]
[EventDate "2007.06.22"]
[EventType "swiss"]
[EventRounds "9"]
[EventCountry "GER"]
[SourceTitle "EXT 2008"]
[Source "ChessBase"]
[SourceDate "2007.11.25"]
[SourceVersion "1"]
[SourceVersionDate "2007.11.25"]
[SourceQuality "1"]

1. e4 c5 2. Nf3 Nc6 3. d4 cxd4 4. Nxd4 Nf6 5. Nc3 e5 6. Nb3 Bb4 7. Bg5 h6 8. Bxf6 Qxf6 9. Bd3 d6 10. 0-0 Bxc3 11. bxc3 0-0 12. Qd2 Be6 13. f4 exf4 14. Rxf4 Qe5 15. Raf1 Rac8 16. Rf5 Bxf5 17. Rxf5 Qe7 18. Nd4 Ne5 19. Rh5 Qf6 20. Rf5 Qg6 21. Rf1 Qg5 22. Qe1 g6 23. Nf3 Qe7 24. Nxe5 dxe5 25. c4 Rc6 26. Qe3 Qc5 27. Qxc5 Rxc5 28. Rb1 b6 29. g4 Kg7 30. Kf2 Kf6 31. h4 Ra5 32. Rb2 Rc8 33. Ke3 Ra3 34. Kd2 Rc5 35. Kc1 Ke7 36. Kb1 Ra4 37. Rb5 Rxb5+ 38. cxb5 Rd4 39. Kc1 Kd6 40. Kd2 Kc5 41. g5 hxg5 42. hxg5 Rd6 43. Kc3 f6 44. Kd2 fxg5 45. Ke3 Rf6 46. Be2 Rf4 47. a3 g4 0-1

[Event "Moehnesee Cup-A"]
[Site "Moehnesee"]
[Date "2005.08.20"]
[Round "5"]
[White "Klatt, Peter"]
[Black "Bastians, Felix"]
[Result "1-0"]
[WhiteElo "2034"]
[BlackElo "1921"]
[PlyCount "71"]
[EventDate "2005.08.18"]
[EventType "swiss"]
[EventRounds "7"]
[EventCountry "GER"]
[SourceTitle "CBM 108 Extra"]
[Source "ChessBase"]
[SourceDate "2005.11.04"]
[SourceVersion "1"]
[SourceVersionDate "2005.11.04"]
[SourceQuality "1"]

1. c4 b6 2. d4 Bb7 3. Nc3 Nf6 4. Nf3 e6 5. g3 Be7 6. Bg2 0-0 7. 0-0 d5 8. Ne5 c5 9. e3 a6 10. a3 Qc7 11. cxd5 Nxd5 12. Nxd5 Bxd5 13. e4 Bb7 14. Bf4 g5 15. Be3 f6 16. Nd3 cxd4 17. Bxd4 Nc6 18. Bc3 Rad8 19. Qe2 Nd4 20. Qh5 Nb5 21. Nb4 Nxc3 22. bxc3 Qxc3 23. Rac1 Qxa3 24. Nc6 Rc8 25. Ra1 Qd6 26. e5 fxe5 27. Nxe7+ Qxe7 28. Bxb7 Qxb7 29. Qxg5+ Qg7 30. Qe3 Rc6 31. Rxa6 Qc7 32. Rfa1 Rc8 33. R1a4 Rc1+ 34. Kg2 Qb7+ 35. Kh3 R1c4 36. Ra7 1-0

[Event "Moehnesee Cup-A"]
[Site "Moehnesee"]
[Date "2005.08.20"]
[Round "4"]
[White "Steffens, Olaf"]
[Black "Klatt, Peter"]
[Result "1-0"]
[WhiteElo "2283"]
[BlackElo "2034"]
[PlyCount "47"]
[EventDate "2005.08.18"]
[EventType "swiss"]
[EventRounds "7"]
[EventCountry "GER"]
[SourceTitle "CBM 108 Extra"]
[Source "ChessBase"]
[SourceDate "2005.11.04"]
[SourceVersion "1"]
[SourceVersionDate "2005.11.04"]
[SourceQuality "1"]

1. e4 e5 2. Nc3 Nc6 3. g3 Nf6 4. Bg2 Bc5 5. Nge2 d6 6. Na4 0-0 7. d3 h6 8. Nxc5 dxc5 9. h3 Bd7 10. Be3 b6 11. g4 Nd4 12. Ng3 Qc8 13. Qd2 Bxg4 14. hxg4 Qxg4 15. c3 Nf3+ 16. Bxf3 Qxf3 17. Qe2 Qg4 18. Nf5 Qxe2+ 19. Kxe2 c4 20. Bxh6 cxd3+ 21. Kf3 Rfd8 22. Bxg7 Nh7 23. Rag1 f6 24. Nh6# 1-0

[Event "Dortmund op-A"]
[Site "Dortmund"]
[Date "2005.07.15"]
[Round "7"]
[White "Weimann, Maximilian"]
[Black "Klatt, Peter"]
[Result "1-0"]
[WhiteElo "2182"]
[BlackElo "2034"]
[PlyCount "61"]
[EventDate "2005.07.08"]
[EventType "swiss"]
[EventRounds "9"]
[EventCountry "GER"]
[SourceTitle "CBM 107 Extra"]
[Source "ChessBase"]
[SourceDate "2005.09.01"]
[SourceVersion "1"]
[SourceVersionDate "2005.09.01"]
[SourceQuality "1"]

1. e4 e5 2. Nf3 Nc6 3. Bb5 a6 4. Ba4 Nf6 5. d4 Nxe4 6. 0-0 b5 7. Bb3 d5 8. dxe5 Be6 9. c3 Be7 10. Be3 0-0 11. Nbd2 Na5 12. Bc2 Nxd2 13. Nxd2 c5 14. Qh5 g6 15. Qf3 Nc6 16. Bh6 Nxe5 17. Qe2 Qc7 18. Bxf8 Rxf8 19. Nf3 Nc4 20. b3 Nb6 21. Ne5 Bf6 22. f4 Bc8 23. Rae1 Re8 24. Qf3 Bg7 25. h4 h5 26. Qg3 Bxe5 27. fxe5 Kg7 28. Rf6 Bg4 29. Qf4 Re6 30. Rf1 Re7 31. Rxg6+ 1-0

[Event "Dortmund op-A"]
[Site "Dortmund"]
[Date "2005.07.08"]
[Round "1"]
[White "Keller, Thomas L"]
[Black "Klatt, Peter"]
[Result "1-0"]
[WhiteElo "2259"]
[BlackElo "2034"]
[PlyCount "49"]
[EventDate "2005.07.08"]
[EventType "swiss"]
[EventRounds "9"]
[EventCountry "GER"]
[SourceTitle "CBM 107 Extra"]
[Source "ChessBase"]
[SourceDate "2005.09.01"]
[SourceVersion "1"]
[SourceVersionDate "2005.09.01"]
[SourceQuality "1"]

1. e4 e5 2. Nf3 Nf6 3. Nxe5 d6 4. Nf3 Nxe4 5. d4 d5 6. Bd3 Nc6 7. 0-0 Be7 8. c4 Nb4 9. Be2 0-0 10. Nc3 Bf5 11. a3 Nxc3 12. bxc3 Na6 13. Qb3 dxc4 14. Bxc4 Qd6 15. Qxb7 Bc8 16. Qxa8 Be6 17. Qe4 Bxc4 18. Re1 Bf6 19. Bf4 Qd8 20. Qc6 Qd5 21. Ne5 Qxc6 22. Nxc6 g5 23. Be5 Bd8 24. Nxd8 Rxd8 25. Bf6 1-0

[Event "Unna op"]
[Site "Unna"]
[Date "2004.12.30"]
[Round "7"]
[White "Heine, Rolf"]
[Black "Klatt, Peter"]
[Result "1-0"]
[WhiteElo "2034"]
[BlackElo "2030"]
[PlyCount "137"]
[EventDate "2004.12.27"]
[EventType "swiss"]
[EventRounds "7"]
[EventCountry "GER"]
[SourceTitle "CBM 104 Extra"]
[Source "ChessBase"]
[SourceDate "2005.03.01"]
[SourceVersion "1"]
[SourceVersionDate "2005.03.01"]
[SourceQuality "1"]

1. c4 Nf6 2. g3 e6 3. Nf3 d5 4. b3 b6 5. Bg2 Bb7 6. 0-0 Nbd7 7. Bb2 Bd6 8. Nc3 0-0 9. d3 a6 10. Rc1 Qe7 11. Rc2 c5 12. e3 Rfd8 13. Qa1 dxc4 14. bxc4 e5 15. e4 Rac8 16. Bc1 Bb8 17. Nd5 Qd6 18. Nh4 Nxd5 19. exd5 g6 20. Bh6 f5 21. f4 Re8 22. Re2 Qf6 23. Rfe1 e4 24. Qxf6 Nxf6 25. dxe4 Ng4 26. exf5 Rxe2 27. Rxe2 Nxh6 28. fxg6 Bd6 29. gxh7+ Kxh7 30. Re6 Rd8 31. Be4+ Kg7 32. Rg6+ Kf7 33. Rxh6 Bc8 34. Bf5 b5 35. Bxc8 Bf8 36. Rc6 bxc4 37. Be6+ Kf6 38. Bg8+ Kg7 39. Rg6+ Kh8 40. Nf5 c3 41. Ne3 Bg7 42. Rxg7 Kxg7 43. Be6 Rb8 44. Bf5 Rb2 45. Bc2 Rxa2 46. Kf1 a5 47. Ke2 c4 48. Kf3 a4 49. Ke4 a3 50. Kd4 Rb2 51. Kxc3 Rb8 52. Ba4 a2 53. Nc2 Rb1 54. d6 Kf6 55. d7 Ke7 56. f5 a1Q+ 57. Nxa1 Rxa1 58. Bb5 Rf1 59. g4 Rf4 60. h3 Rf3+ 61. Kxc4 Rxh3 62. f6+ Kd8 63. g5 Rf3 64. Kd5 Rf5+ 65. Ke6 Rxb5 66. g6 Rb6+ 67. Kf7 Rd6 68. g7 Rxd7+ 69. Ke6 1-0

[Event "Dortmund op-A"]
[Site "Dortmund"]
[Date "2004.07.30"]
[Round "8"]
[White "Shtivelband, Vladimir"]
[Black "Klatt, Peter"]
[Result "1/2-1/2"]
[WhiteElo "2204"]
[BlackElo "2042"]
[PlyCount "27"]
[EventDate "2004.07.??"]
[EventType "swiss"]
[EventRounds "9"]
[EventCountry "GER"]
[SourceTitle "EXT 2006"]
[Source "ChessBase"]
[SourceDate "2005.11.24"]
[SourceVersion "1"]
[SourceVersionDate "2005.11.24"]
[SourceQuality "1"]

1. c4 Nf6 2. Nc3 c5 3. Nf3 g6 4. d4 cxd4 5. Nxd4 Bg7 6. e4 d6 7. Be2 0-0 8. Be3 Nc6 9. 0-0 Bd7 10. f3 Ne8 11. Nxc6 bxc6 12. Bd4 Bxd4+ 13. Qxd4 Qb6 14. Qxb6 1/2-1/2

[Event "Solingen-ch"]
[Site "Solingen"]
[Date "2003.06.06"]
[Round "1"]
[White "Klatt, Peter"]
[Black "Hess, Christian1111"]
[Result "1/2-1/2"]
[WhiteElo "2049"]
[BlackElo "2291"]
[PlyCount "52"]
[EventDate "2003.06.06"]
[EventType "swiss"]
[EventRounds "7"]
[EventCountry "GER"]
[SourceTitle "CBM 094 Extra"]
[Source "ChessBase"]
[SourceDate "2003.07.09"]
[SourceVersion "2"]
[SourceVersionDate "2003.07.09"]
[SourceQuality "1"]

1. d4 Nf6 2. Nf3 g6 3. Bg5 Bg7 4. e3 c5 5. Bxf6 Bxf6 6. c3 0-0 7. Nbd2 d5 8. Bd3 Nc6 9. 0-0 c4 10. Bc2 b5 11. e4 e6 12. b3 Qa5 13. e5 Be7 14. Nb1 cxb3 15. Bxb3 Ba6 16. Re1 Rfc8 17. Re3 Rab8 18. Nbd2 Ba3 19. Ng5 Qd8 20. Rg3 h6 21. Nxe6 fxe6 22. Rxg6+ Kf7 23. Qh5 Qe8 24. Qxh6 Qh8 25. Rf6+ Ke7 26. Rxe6+ Kd7 1/2-1/2

[Event "Unna op"]
[Site "Unna"]
[Date "2002.12.29"]
[Round "6"]
[White "Rehberg, Raphael"]
[Black "Klatt, Peter"]
[Result "1/2-1/2"]
[WhiteElo "2098"]
[BlackElo "2063"]
[PlyCount "108"]
[EventDate "2002.12.27"]
[EventType "swiss"]
[EventRounds "7"]
[EventCountry "GER"]
[SourceTitle "CBM 092 Extra"]
[Source "ChessBase"]
[SourceDate "2003.03.07"]
[SourceVersion "1"]
[SourceVersionDate "2003.03.07"]
[SourceQuality "1"]

1. e4 c5 2. Nf3 Nc6 3. d4 cxd4 4. Nxd4 Nf6 5. Nc3 e5 6. Ndb5 d6 7. Bg5 a6 8. Na3 b5 9. Bxf6 gxf6 10. Nd5 f5 11. Bxb5 axb5 12. Nxb5 Ra4 13. Nbc7+ Kd7 14. 0-0 Qg5 15. c4 Rxc4 16. Qb3 Rc5 17. Na8 fxe4 18. f4 exf4 19. Rxf4 f5 20. Raf1 Bg7 21. h4 Bd4+ 22. Kh1 Qh6 23. Nab6+ Kd8 24. Nxc8 Kxc8 25. Qb6 Kd7 26. Qb7+ Ke6 27. Nb6 Rd8 28. Rxe4+ Re5 29. Ref4 Be3 30. Rc4 f4 31. g3 Na5 32. Qc7 Bxb6 33. Qxb6 Nxc4 34. Qxd8 fxg3 35. Qg8+ Kd7 36. Qxc4 Re7 37. Qg4+ Kd8 38. Qxg3 Rg7 39. Qf2 Rg4 40. Qf6+ Qxf6 41. Rxf6 Rxh4+ 42. Kg2 Ke7 43. Rf2 d5 44. a3 Kd6 45. b4 Kc6 46. Rc2+ Rc4 47. Rf2 Kb5 48. Rf7 Rc2+ 49. Kg1 Ra2 50. Rxh7 Rxa3 51. Rb7+ Kc6 52. Rb8 Rb3 53. Kf2 Kc7 54. Rb5 Kc6 1/2-1/2